000
00325nam a22001457a 4500
008
221205b ||||| |||| 00| 0 eng d
020
_a
9780673980397
041
_a
eng
080
_2
third edition
_a
51
082
_a
51DOS
100
_a
20.1
101
_a
MATE
245
_a
DISCRETE MATHEMATICS
_c
DOSSEY
942
_2
udc
_c
BK
999
_c
59090
_d
59090